00770nam a2200205Ia 4500003000900000008004100009040001600050080001500066100002500081245012500106260003500231300001400266490005400280650004100334650002700375650002100402942000700423999001500430952011900445IN-BaIIA211028s9999 xx 000 0 eng d cIIA Library a535.4bKER aKerker, Milton96175 4aThe scattering of light and other electromagnetic radiationcMilton Kerker  aNew YorkbAcademic Pressc1969 axv, 666p. aPhysical chemistry, a series of monographs; v. 16 aAstronomy and astrophysics thesaurus aLight scattering93487 aScattering93302 cBK c3490d3490 00104070aBANbBANcGENd1970-05-23g241.20l0o535.4/ KERp3888r2021-11-05v241.20w1970-05-23yBKGRs. 241.20